Sustainable Diplomacy: Ecology, Religion and Ethics in Muslim-Christian Relation (Record no. 616502)

MARC details
000 -LEADER
fixed length control field 00457nam a2200169 a 4500
008 - FIXED-LENGTH DATA ELEMENTS--GENERAL INFORMATION
fixed length control field 260302s2006##################000#0#eng##
020 ## - INTERNATIONAL STANDARD BOOK NUMBER
ISBN 9781403964427
Paper back/Hardbound hbk
082 04 - DEWEY DECIMAL CLASSIFICATION NUMBER
Classification number 327
Item number WEL
100 ## - MAIN ENTRY--AUTHOR NAME
Personal name Wellman
245 10 - TITLE STATEMENT
Title Sustainable Diplomacy: Ecology, Religion and Ethics in Muslim-Christian Relation
Statement of responsibility, etc /David joseph Wellman
260 ## - PUBLICATION, DISTRIBUTION, ETC. (IMPRINT)
Year of publication 2006.
300 ## - PHYSICAL DESCRIPTION
Number of Pages 364 pages
504 ## - BIBLIOGRAPHY, ETC. NOTE
Bibliography, etc Includes index
650 #0 - SUBJECT ADDED ENTRY--TOPICAL TERM
Topical Term Ecology
942 ## - ADDED ENTRY ELEMENTS (KOHA)
Koha item type Reference
Holdings
Withdrawn status Lost status Damaged status Not for loan Home library Current library Shelving location Date acquired Full call number Accession Number Price effective from Koha item type
        Anna Centenary Library Anna Centenary Library 3RD FLOOR, B WING 04.03.2026 327 WEL 308135 04.03.2026 Reference

Find us on the map